[Event "6th EUR-ch (w)"]
[Site "Chisinau MDA"]
[Date "2005.06.17"]
[Round "7"]
[White "Vajda, Szidonia"]
[Black "Schuurman, Petra"]
[Result "1-0"]
[WhiteElo "2391"]
[BlackElo "2288"]
[EventDate "2005.06.10"]
[PlyCount "79"]

1.e4 c6 2.d4 d5 3.exd5 cxd5 4.c4 Nf6 5.Nc3 g6 6.Qb3 Bg7 7.cxd5 O-O 8.Nge2 
Ne8 9.g3 Nd6 10.Bg2 Bf5 11.O-O Nd7 12.Bf4 Nb6 13.Rac1 Qd7 14.Rfe1 Ndc4 15.
Nb5 Rfc8 16.Nec3 a6 17.Na3 Bxd4 18.Nxc4 Nxc4 19.Ne2 Bxb2 20.Rxc4 Rxc4 21.
Qxc4 Rc8 22.Qb3 Bf6 23.Rc1 Rxc1+ 24.Nxc1 e6 25.h4 Kg7 26.Qc4 exd5 27.Qxd5 
Qe7 28.Qd2 h5 29.Nb3 b6 30.Bg5 Bxg5 31.hxg5 Kh7 32.Nd4 Bg4 33.Nc6 Qc5 34.
Nb4 Be6 35.Nxa6 Qc4 36.Nb4 h4 37.Qf4 hxg3 38.Qxc4 Bxc4 39.Bd5 Bxa2 40.Bxa2
1-0

[Event "6th EUR-ch (w)"]
[Site "Chisinau MDA"]
[Date "2005.06.17"]
[Round "7"]
[White "Dolukhanova, Evgeniya"]
[Black "Hagarova, Zuzana"]
[Result "0-1"]
[WhiteElo "2251"]
[BlackElo "2386"]
[EventDate "2005.06.10"]
[PlyCount "88"]

1.e4 c5 2.Nf3 Nc6 3.Bb5 d6 4.c3 Nf6 5.Qe2 Bd7 6.O-O a6 7.Ba4 e6 8.d4 cxd4 
9.Nxd4 Rc8 10.Nxc6 Bxc6 11.Bxc6+ Rxc6 12.b3 Be7 13.Bb2 O-O 14.Nd2 d5 15.
Rfd1 Qc7 16.c4 dxc4 17.Nxc4 b5 18.Be5 Qc8 19.Nd6 Qa8 20.Bxf6 gxf6 21.e5 
Qb8 22.Qg4+ Kh8 23.Qf4 f5 24.Rac1 Rxc1 25.Rxc1 f6 26.Rd1 Qc7 27.h3 Qc5 28.
exf6 Bxf6 29.Qh6 Kg8 30.Ne8 Be5 31.Qxe6+ Kh8 32.Re1 Bd4 33.Re2 f4 34.Nd6 
f3 35.gxf3 Qc1+ 36.Re1 Qf4 37.Qd5 Qg3+ 38.Kh1 Qxh3+ 39.Kg1 Rg8+ 40.Qxg8+ 
Kxg8 41.Re8+ Kg7 42.Re7+ Kf6 43.Rf7+ Ke6 44.Ne4 Bxf2+ 0-1

[Event "6th EUR-ch (w)"]
[Site "Chisinau MDA"]
[Date "2005.06.17"]
[Round "7"]
[White "Pokorna, Regina"]
[Black "Mamedyarova, Turkan"]
[Result "1-0"]
[WhiteElo "2374"]
[BlackElo "2221"]
[EventDate "2005.06.10"]
[PlyCount "125"]

1.e4 e5 2.Nf3 Nc6 3.d4 exd4 4.Bc4 Nf6 5.e5 d5 6.Bb5 Ne4 7.Nxd4 Bd7 8.Bxc6 
bxc6 9.O-O Bc5 10.f3 Ng5 11.Be3 O-O 12.f4 Ne6 13.c3 f5 14.Qd2 Bxd4 15.cxd4
Qe7 16.Nc3 Rab8 17.b3 Rfd8 18.Rfc1 Be8 19.Na4 Rb5 20.Qf2 h6 21.Kh1 Bd7 22.
Rc3 Rf8 23.Qe2 Rb4 24.Qf2 g5 25.Nc5 Nxc5 26.Rxc5 g4 27.Bc1 Qe6 28.Ba3 Rb7 
29.Ra5 Ra8 30.Rc1 a6 31.Bc5 Rb5 32.Ra3 Kh7 33.b4 Rbb8 34.Qe2 Bc8 35.h3 h5 
36.Qf2 Bb7 37.Qh4 Qh6 38.e6 Rg8 39.Re1 Rae8 40.Be7 Qg6 41.hxg4 Qxg4 42.
Qxg4 hxg4 43.Bg5 Kg6 44.Kg1 Bc8 45.Rc3 Bb7 46.e7 Rg7 47.Re6+ Kh7 48.Re5 
Rf7 49.Kf2 Kg7 50.a4 Kg6 51.Re6+ Kh7 52.b5 axb5 53.axb5 Rg7 54.bxc6 Bc8 
55.Re5 Rg6 56.Rxd5 Rd6 57.Rxd6 cxd6 58.d5 Kg6 59.Ra3 Kf7 60.Ra7 Rg8 61.Ke3
Ke8 62.Ra8 Kf7 63.Kd4 1-0

[Event "6th EUR-ch (w)"]
[Site "Chisinau MDA"]
[Date "2005.06.17"]
[Round "7"]
[White "Dragomirescu, Angela"]
[Black "Celuskina, Irina"]
[Result "0-1"]
[WhiteElo "2241"]
[BlackElo "2369"]
[EventDate "2005.06.10"]
[PlyCount "65"]

1.d4 Nf6 2.c4 e6 3.Nf3 c5 4.d5 exd5 5.cxd5 d6 6.Nc3 a6 7.a4 g6 8.h3 Bg7 9.
e4 O-O 10.Bd3 Re8 11.O-O c4 12.Bc2 Nbd7 13.Re1 Qc7 14.Bf4 Nh5 15.Be3 Nc5 
16.Nd2 Bd7 17.a5 Bb5 18.g4 Nf6 19.Bd4 Rac8 20.Nf3 Qd8 21.Qd2 h6 22.Kg2 g5 
23.e5 dxe5 24.Rxe5 Rxe5 25.Bxe5 Nd3 26.Bxd3 cxd3 27.Nxb5 axb5 28.Qxd3 Qxd5
29.Qxd5 Nxd5 30.Rd1 Re8 31.Kg3 f6 32.Bc3 h5 33.Rd4 0-1

[Event "6th EUR-ch (w)"]
[Site "Chisinau MDA"]
[Date "2005.06.17"]
[Round "7"]
[White "Gvetadze, Sopio"]
[Black "Muzicuk, Anna"]
[Result "1-0"]
[WhiteElo "2283"]
[BlackElo "2363"]
[EventDate "2005.06.10"]
[PlyCount "91"]

1.e4 c5 2.Nf3 e6 3.c4 Nc6 4.Nc3 Nge7 5.Be2 Nd4 6.Nxd4 cxd4 7.Nb1 Nc6 8.O-O
Be7 9.d3 O-O 10.f4 d5 11.cxd5 exd5 12.e5 f6 13.exf6 Bxf6 14.Bf3 b6 15.Bd2 
Be6 16.Na3 Qd7 17.Qb3 Kh8 18.Rac1 Be7 19.Rfe1 Bc5 20.Nb1 a5 21.a3 a4 22.
Qd1 Bf5 23.b4 axb3 24.Qxb3 Rfd8 25.Re2 h6 26.Rce1 Qd6 27.g4 Qg6 28.h3 Na5 
29.Bxa5 bxa5 30.Rd2 Rab8 31.Qd1 Bd6 32.Rg2 Bd7 33.f5 Qg5 34.Bxd5 Bf4 35.
Qf3 Be3+ 36.Kh1 Rb6 37.Be4 Rdb8 38.Qf1 Qh4 39.Kh2 Bf4+ 40.Qxf4 Qxe1 41.Nd2
Qe3 42.Qc7 Bb5 43.f6 Qg5 44.Rf2 Be8 45.fxg7+ Qxg7 46.Rf8+ 1-0

[Event "6th EUR-ch (w)"]
[Site "Chisinau MDA"]
[Date "2005.06.17"]
[Round "7"]
[White "Ciuksyte, Dagne"]
[Black "Sharevich, Anna"]
[Result "1/2-1/2"]
[WhiteElo "2356"]
[BlackElo "2278"]
[EventDate "2005.06.10"]
[PlyCount "48"]

1.e4 c5 2.Nf3 e6 3.d4 cxd4 4.Nxd4 a6 5.Bd3 Qb6 6.Nb3 Qc7 7.O-O Nf6 8.f4 d6
9.c4 Nbd7 10.Nc3 b6 11.Qe2 Be7 12.Bd2 Bb7 13.Nd4 O-O 14.Kh1 Rfe8 15.Rae1 
g6 16.Nf3 Bf8 17.Ng5 h6 18.Nf3 Bg7 19.Qf2 Nc5 20.Bb1 Rad8 21.b4 Ncd7 22.
Bd3 Qb8 23.Qh4 Qa8 24.Re2 Nh7 1/2-1/2

[Event "6th EUR-ch (w)"]
[Site "Chisinau MDA"]
[Date "2005.06.17"]
[Round "7"]
[White "Srebrnic, Ana"]
[Black "Pogonina, Natalia"]
[Result "0-1"]
[WhiteElo "2221"]
[BlackElo "2355"]
[EventDate "2005.06.10"]
[PlyCount "74"]

1.Nf3 c5 2.c4 Nc6 3.d4 cxd4 4.Nxd4 Nf6 5.Nc3 g6 6.e4 d6 7.Nc2 Bg7 8.Be2 
O-O 9.O-O Bd7 10.Be3 Qa5 11.f3 Rfc8 12.Qd2 a6 13.Rab1 Ne5 14.b4 Qc7 15.Na3
b5 16.c5 dxc5 17.Bxc5 Bc6 18.Rbc1 Qb7 19.Rfd1 e6 20.Nc2 Nfd7 21.Bf2 Nb6 
22.Nd4 Nbc4 23.Qg5 h6 24.Qg3 Be8 25.Nb3 Nb2 26.Nc5 Rxc5 27.Bxc5 Nxd1 28.
Rxd1 Rc8 29.Qe1 Nd7 30.e5 Nxc5 31.bxc5 Bxe5 32.Ne4 Qc7 33.g3 f5 34.f4 fxe4
35.fxe5 Qxc5+ 36.Qf2 Qxe5 37.Kg2 e3 0-1

[Event "6th EUR-ch (w)"]
[Site "Chisinau MDA"]
[Date "2005.06.17"]
[Round "7"]
[White "Houska, Jovanka"]
[Black "Tsoganova, Monika"]
[Result "1-0"]
[WhiteElo "2334"]
[BlackElo "2211"]
[EventDate "2005.06.10"]
[PlyCount "103"]

1.e4 c5 2.Nf3 Nc6 3.Bb5 e6 4.O-O Nge7 5.c3 a6 6.Ba4 b5 7.Bc2 Bb7 8.Re1 d5 
9.exd5 Nxd5 10.d4 cxd4 11.cxd4 Be7 12.Nc3 Nf6 13.a3 O-O 14.Bg5 h6 15.Be3 
b4 16.Ne4 Nxe4 17.Bxe4 Na5 18.Bc2 Bd5 19.Ne5 Rc8 20.Rc1 bxa3 21.bxa3 f5 
22.Bd3 Bxa3 23.Rb1 Bd6 24.Bxa6 Rb8 25.Qa4 Ra8 26.Bf1 Nc4 27.Qd1 Nxe5 28.
dxe5 Bxe5 29.Qh5 Qf6 30.Rbc1 Rfc8 31.Bb5 Bc3 32.Red1 Bb2 33.Rxc8+ Rxc8 34.
Bd7 Ra8 35.h3 Bb3 36.Rb1 Ra1 37.Rxa1 Bxa1 38.Qe8+ Kh7 39.Bc6 Qc3 40.Bf3 
Qf6 41.Qb5 Ba2 42.Qe8 Bd5 43.Bh5 e5 44.h4 f4 45.Bc5 Bc6 46.Qc8 Be4 47.Bg4 
Qxh4 48.Be6 Qf6 49.Qg8+ Kg6 50.Qe8+ Kh7 51.Bg8+ Kh8 52.Bf7+ 1-0

[Event "6th EUR-ch (w)"]
[Site "Chisinau MDA"]
[Date "2005.06.17"]
[Round "7"]
[White "Bensdorp, Marlies"]
[Black "Milliet, Sophie"]
[Result "0-1"]
[WhiteElo "2232"]
[BlackElo "2319"]
[EventDate "2005.06.10"]
[PlyCount "92"]

1.d4 d5 2.c4 c6 3.Nf3 Nf6 4.Nc3 a6 5.c5 Nbd7 6.Bf4 Nh5 7.Be3 g6 8.g3 Bg7 
9.Bg2 O-O 10.O-O Qc7 11.Rc1 f6 12.Qd2 e5 13.b4 e4 14.Ne1 f5 15.f3 Ndf6 16.
Bh6 exf3 17.Bxf3 Be6 18.Bxg7 Qxg7 19.e3 Ne4 20.Qd3 Nhf6 21.Nd1 Rae8 22.Qc2
Re7 23.Nd3 Ng4 24.Qe2 Bc8 25.Bxg4 fxg4 26.Rxf8+ Qxf8 27.N1f2 Ng5 28.Ne5 
Nf3+ 29.Nxf3 gxf3 30.Qd2 Bf5 31.Rf1 Qe8 32.Re1 h5 33.a4 h4 34.g4 Be4 35.h3
Qb8 36.Nh1 Rf7 37.Rf1 b6 38.cxb6 Qxb6 39.Nf2 Qb8 40.Nh1 Rb7 41.Qh2 Qxh2+ 
42.Kxh2 Rxb4 43.Nf2 Rb2 44.Kg1 Re2 45.Rc1 Rxe3 46.Rf1 Ra3 0-1

[Event "6th EUR-ch (w)"]
[Site "Chisinau MDA"]
[Date "2005.06.17"]
[Round "7"]
[White "Koskoska, Gabriela"]
[Black "Molchanova, Tatiana"]
[Result "0-1"]
[WhiteElo "2230"]
[BlackElo "2315"]
[EventDate "2005.06.10"]
[PlyCount "115"]

1.e4 c5 2.Nf3 Nc6 3.d4 cxd4 4.Nxd4 g6 5.c4 Bg7 6.Be3 Nf6 7.Nc3 Ng4 8.Qxg4 
Nxd4 9.Qd1 Ne6 10.Rc1 Qa5 11.Bd3 Be5 12.Qd2 g5 13.b3 b6 14.Nd5 Qxd2+ 15.
Kxd2 Bb7 16.g3 Kd8 17.Rhf1 Rg8 18.Rce1 g4 19.f4 gxf3 20.Rxf3 f6 21.Rff1 
Rc8 22.b4 Ng5 23.Bf4 Nf7 24.Re2 Ba6 25.Rc1 Bd4 26.Be3 Bxe3+ 27.Kxe3 Ne5 
28.Rec2 Rg6 29.Nf4 Rg5 30.Be2 e6 31.c5 Bxe2 32.Kxe2 b5 33.c6 Nc4 34.Rd1 
Rxc6 35.a4 a6 36.axb5 axb5 37.Nd3 Rd6 38.Ra1 Ke7 39.Ra8 Ne5 40.Nf4 Nc6 41.
Rc5 Rd4 42.Rh8 Rxb4 43.Rxh7+ Kd6 44.Rxg5 fxg5 45.Nd3 Rxe4+ 46.Kd2 Rd4 47.
Ke3 b4 48.Rg7 Rd5 49.h4 gxh4 50.gxh4 b3 51.Rg2 Ne5 52.Nb2 Kc5 53.Ke2 Nc4 
54.Nd3+ Kd6 55.Rg1 b2 56.Rb1 Ke7 57.Rh1 Rxd3 58.Kxd3 0-1

[Event "6th EUR-ch (w)"]
[Site "Chisinau MDA"]
[Date "2005.06.17"]
[Round "7"]
[White "Purtseladze, Maka"]
[Black "Minina, Veronika"]
[Result "1-0"]
[WhiteElo "2311"]
[BlackElo "2059"]
[EventDate "2005.06.10"]
[PlyCount "47"]

1.d4 d5 2.c4 c6 3.Nf3 Nf6 4.e3 e6 5.Bd3 Nbd7 6.Nbd2 Bd6 7.O-O O-O 8.e4 e5 
9.cxd5 cxd5 10.exd5 exd4 11.Ne4 Ne5 12.Bg5 Bg4 13.Be2 Re8 14.Bxf6 gxf6 15.
Nxd4 f5 16.Ng3 Qh4 17.f3 Bh5 18.Ngxf5 Qf6 19.Nxd6 Qxd6 20.Nf5 Qd7 21.Ng3 
Bg6 22.f4 h5 23.fxe5 Rxe5 24.Nxh5 1-0

[Event "6th EUR-ch (w)"]
[Site "Chisinau MDA"]
[Date "2005.06.17"]
[Round "7"]
[White "Ovod, Evgenia"]
[Black "Muzychuk, Maria"]
[Result "1/2-1/2"]
[WhiteElo "2305"]
[BlackElo "2059"]
[EventDate "2005.06.10"]
[PlyCount "98"]

1.d4 f5 2.Nc3 d5 3.Bf4 c6 4.e3 Nf6 5.Bd3 g6 6.h4 h6 7.Nf3 Ng4 8.Ne5 Nxe5 
9.Bxe5 Rg8 10.h5 g5 11.g4 e6 12.gxf5 exf5 13.Qf3 Qe7 14.O-O-O Na6 15.a3 
Bg7 16.Bxg7 Rxg7 17.Bxa6 bxa6 18.Na4 Qc7 19.Nc5 Rb8 20.Qe2 Qb6 21.b3 a5 
22.a4 Qb4 23.Kb2 Re7 24.Qd3 Qc4 25.Qd2 Qb4 26.c3 Qb6 27.Qd3 Qc7 28.Ka3 Qd6
29.Rb1 Kf8 30.Ka2 Kg7 31.Rbg1 Rf7 32.f3 Bd7 33.Rg2 Re8 34.Re1 Rfe7 35.Kb2 
Kh8 36.Kc1 f4 37.e4 dxe4 38.fxe4 g4 39.e5 Qd5 40.Nxd7 Qxg2 41.Nf6 Qf2 42.
Rf1 Qh4 43.Nxe8 Rxe8 44.Qg6 Rf8 45.Qxh6+ Kg8 46.Qg6+ Kh8 47.Kb2 f3 48.Qh6+
Kg8 49.Qg6+ Kh8 1/2-1/2

[Event "6th EUR-ch (w)"]
[Site "Chisinau MDA"]
[Date "2005.06.17"]
[Round "7"]
[White "Dolzhikova, Kateryna"]
[Black "Socko, Monika"]
[Result "0-1"]
[WhiteElo "2232"]
[BlackElo "2464"]
[EventDate "2005.06.10"]
[PlyCount "112"]

1.e4 g6 2.d4 d6 3.Nc3 Bg7 4.Be3 a6 5.f3 b5 6.Qd2 Nd7 7.Nh3 Nb6 8.Nf2 e6 9.
Be2 Bb7 10.O-O Nf6 11.Rad1 O-O 12.Bh6 Nbd7 13.Nd3 e5 14.dxe5 dxe5 15.a4 c6
16.Be3 Qe7 17.b4 Rfd8 18.Qe1 a5 19.Nc5 Nxc5 20.Bxc5 Rxd1 21.Qxd1 Qc7 22.
Bd6 Qb6+ 23.Bc5 Qc7 24.Bd6 Qd8 25.Bxe5 axb4 26.Qxd8+ Rxd8 27.Na2 Rd2 28.
Rd1 Nxe4 29.Bxg7 Kxg7 30.Rxd2 Nxd2 31.axb5 c5 32.Kf2 Kf6 33.Nc1 Ke5 34.Ke3
Nb1 35.Nb3 Kd6 36.Na5 Kc7 37.Nc4 Bd5 38.Ne5 Nc3 39.Bd3 Be6 40.f4 f6 41.Nc6
Bd5 42.g4 Bxc6 43.bxc6 Kxc6 44.Bc4 g5 45.fxg5 fxg5 46.Bg8 h6 47.Kd3 Nd5 
48.Bf7 Nf6 49.h3 Kd6 50.Bg6 Nd5 51.Ke4 Nf4 52.Bh7 Nxh3 53.Kf5 Nf2 54.Bg8 
Nd1 55.Kg6 Ke5 56.Bb3 Ne3 0-1

[Event "6th EUR-ch (w)"]
[Site "Chisinau MDA"]
[Date "2005.06.17"]
[Round "7"]
[White "Sedina, Elena"]
[Black "Susterman, Anja"]
[Result "1/2-1/2"]
[WhiteElo "2422"]
[BlackElo "2250"]
[EventDate "2005.06.10"]
[PlyCount "89"]

1.e4 c5 2.Nf3 Nc6 3.Bb5 g6 4.O-O Bg7 5.c3 Nf6 6.Re1 O-O 7.e5 Nd5 8.d4 cxd4
9.cxd4 d6 10.Nc3 Nxc3 11.bxc3 a6 12.Bxc6 bxc6 13.exd6 exd6 14.Qa4 Qc7 15.
Bf4 Be6 16.Nd2 Bf5 17.Nc4 Rfd8 18.Rad1 Bf8 19.Qa3 Rd7 20.Qc1 Be6 21.Nd2 
Bf5 22.h3 Qa5 23.Nc4 Qb5 24.Ne3 Be6 25.c4 Qa4 26.Rd3 d5 27.c5 Rb7 28.Be5 
Qxa2 29.Ra3 Qb2 30.Qxb2 Rxb2 31.Rea1 Bc8 32.Ng4 Bg7 33.Nf6+ Bxf6 34.Bxf6 
Rab8 35.Re3 Rb1+ 36.Kh2 Kf8 37.Raa3 R8b2 38.Be7+ Kg7 39.Rf3 Re1 40.Bf6+ 
Kf8 41.Rae3 Ree2 42.Kg3 Bf5 43.Ra3 Bc8 44.Be5 f5 45.h4 1/2-1/2

[Event "6th EUR-ch (w)"]
[Site "Chisinau MDA"]
[Date "2005.06.17"]
[Round "7"]
[White "Ionescu, Irina"]
[Black "Bojkovic, Natasa"]
[Result "1/2-1/2"]
[WhiteElo "2252"]
[BlackElo "2371"]
[EventDate "2005.06.10"]
[PlyCount "81"]

1.e4 c5 2.Nf3 e6 3.d3 d6 4.c3 Nf6 5.g3 b6 6.Bg2 Bb7 7.O-O Nbd7 8.Re1 Qc7 
9.Nbd2 Be7 10.b3 O-O 11.Bb2 Rac8 12.Rc1 b5 13.Qe2 Qb6 14.d4 cxd4 15.cxd4 
a6 16.e5 Nd5 17.Ne4 dxe5 18.dxe5 Rxc1 19.Rxc1 Rc8 20.Rxc8+ Bxc8 21.Qc2 Bb7
22.Bd4 Nb4 23.Qd2 Qc7 24.a3 Bxe4 25.axb4 Qc6 26.Ne1 Bxg2 27.Nxg2 h6 28.h4 
Qc7 29.Qc3 Qb7 30.Nf4 Nb6 31.Bxb6 Qxb6 32.Qc8+ Bf8 33.Nd3 Qd4 34.Nc5 Qxb4 
35.Nd7 a5 36.Qb8 a4 37.Nxf8 Qxf8 38.Qxb5 a3 39.Qa5 Qe7 40.b4 a2 41.Qxa2 
1/2-1/2

[Event "6th EUR-ch (w)"]
[Site "Chisinau MDA"]
[Date "2005.06.17"]
[Round "7"]
[White "Burtasova, Anna"]
[Black "Olarasu, Gabriela"]
[Result "1/2-1/2"]
[WhiteElo "2223"]
[BlackElo "2353"]
[EventDate "2005.06.10"]
[PlyCount "101"]

1.e4 e5 2.Bc4 Nf6 3.d3 Bc5 4.Nf3 Nc6 5.c3 a6 6.O-O Ba7 7.d4 d6 8.dxe5 Nxe5
9.Nxe5 dxe5 10.Qxd8+ Kxd8 11.Nd2 Ke7 12.b3 Nd7 13.Ba3+ Bc5 14.b4 Bd6 15.
Bb3 a5 16.Nc4 axb4 17.cxb4 Nb6 18.Nxb6 cxb6 19.Bb2 Be6 20.Bxe6 Kxe6 21.a3 
Rhc8 22.Rfc1 b5 23.Rxc8 Rxc8 24.Rc1 Rc6 25.Kf1 Be7 26.Ke2 Bg5 27.Rxc6+ 
bxc6 28.Kd3 h5 29.Kc3 f5 30.Kd3 g6 31.f3 Bf4 32.g3 Bg5 33.h3 Be7 34.Bc1 c5
35.Bd2 cxb4 36.axb4 Bd6 37.Ke2 Kf6 38.g4 f4 39.Be1 Bf8 40.Bh4+ Ke6 41.Be1 
Be7 42.Kd3 Kf7 43.Kc3 Kg7 44.Kd3 Kh6 45.Bc3 Bd6 46.Be1 Be7 47.Bc3 Bd6 48.
Be1 Kg5 49.h4+ Kh6 50.g5+ Kg7 51.Kc3 1/2-1/2

[Event "6th EUR-ch (w)"]
[Site "Chisinau MDA"]
[Date "2005.06.17"]
[Round "7"]
[White "Rohonyan, Kateryna"]
[Black "Makka, Ioulia"]
[Result "1-0"]
[WhiteElo "2309"]
[BlackElo "2250"]
[EventDate "2005.06.10"]
[PlyCount "89"]

1.e4 e6 2.d4 d5 3.Nc3 dxe4 4.Nxe4 Nd7 5.Nf3 Ngf6 6.Nxf6+ Nxf6 7.c3 c5 8.
Ne5 a6 9.Be3 Qc7 10.Qa4+ Nd7 11.Bb5 cxd4 12.Bxd7+ Bxd7 13.Qxd4 f6 14.Nxd7 
Qxd7 15.Qxd7+ Kxd7 16.O-O-O+ Kc7 17.a4 b5 18.a5 Kc6 19.Rd3 Be7 20.Bb6 b4 
21.Rhd1 Bc5 22.Kc2 Rac8 23.Rd7 Kb5 24.Rxg7 Bxb6 25.axb6 Kxb6 26.Rdd7 bxc3 
27.bxc3 h5 28.Rgf7 f5 29.Rf6 Rc6 30.Re7 Rg8 31.Rexe6 Rxe6 32.Rxe6+ Kb7 33.
g3 h4 34.Rf6 hxg3 35.hxg3 Rg5 36.Kb3 Ka7 37.c4 Kb7 38.Kb4 Ka7 39.Rf8 Kb6 
40.c5+ Kb7 41.Rf6 Ka7 42.Rf7+ Kb8 43.Ka5 Kc8 44.Kb6 a5 45.c6 1-0

[Event "6th EUR-ch (w)"]
[Site "Chisinau MDA"]
[Date "2005.06.17"]
[Round "7"]
[White "Rudolf, Anna"]
[Black "Melnikova, Yana"]
[Result "0-1"]
[WhiteElo "2210"]
[BlackElo "2301"]
[EventDate "2005.06.10"]
[PlyCount "104"]

1.e4 c5 2.Nf3 Nc6 3.d4 cxd4 4.Nxd4 Nf6 5.Nc3 d6 6.Bc4 Qb6 7.Nb3 e6 8.Bf4 
Ne5 9.Be2 a6 10.Be3 Qc7 11.f4 Nc4 12.Bxc4 Qxc4 13.Qf3 Qc7 14.O-O-O b5 15.
a3 Bb7 16.Bd4 Be7 17.Rhe1 Rc8 18.Re2 O-O 19.g4 Nd7 20.Kb1 Bc6 21.Qf2 a5 
22.Nd5 Bxd5 23.exd5 a4 24.Nc1 e5 25.Bc3 Rfe8 26.f5 Qc4 27.h3 Bg5 28.Na2 
Rc5 29.Nb4 Nf6 30.Qg2 h6 31.Ree1 Rcc8 32.Re2 Qc7 33.Qg3 Qc4 34.Ree1 Ne4 
35.Qd3 Nxc3+ 36.Qxc3 Qxc3 37.bxc3 Rxc3 38.Rd3 Rec8 39.Nc6 Rc4 40.Re2 Rc7 
41.Ka2 Kf8 42.Rd1 Rc5 43.Kb2 Ke8 44.Re4 Kd7 45.Nb8+ Kc8 46.Nc6 Kb7 47.Na5+
Kb6 48.Nc6 Bf6 49.Nb4 Rc4 50.Rde1 R7c5 51.R1e2 Bg5 52.Rxc4 Rxc4 0-1

[Event "6th EUR-ch (w)"]
[Site "Chisinau MDA"]
[Date "2005.06.17"]
[Round "7"]
[White "Mamedyarova, Zeinab"]
[Black "Sarakauskiene, Zivile"]
[Result "1-0"]
[WhiteElo "2286"]
[BlackElo "2177"]
[EventDate "2005.06.10"]
[PlyCount "131"]

1.d4 d5 2.Nf3 Nf6 3.e3 e6 4.Bd3 c5 5.b3 Nc6 6.O-O Be7 7.Bb2 O-O 8.Nbd2 
cxd4 9.exd4 Nb4 10.Be2 Qc7 11.a3 Nc6 12.Bd3 Nd7 13.Re1 Bf6 14.Nf1 g6 15.h4
Rd8 16.h5 e5 17.Ne3 Ne7 18.dxe5 Nxe5 19.Nxe5 Bxe5 20.Bxe5 Qxe5 21.Nf5 
Qxe1+ 22.Qxe1 Nxf5 23.Qe5 Ng7 24.h6 Ne8 25.Re1 Be6 26.Bb5 Kf8 27.Qf4 Ke7 
28.Qh4+ Kf8 29.Qb4+ Nd6 30.Qf4 Ke7 31.Qg5+ Kf8 32.Qf6 Ne4 33.Qd4 a6 34.f3 
axb5 35.fxe4 dxe4 36.Qxe4 Rd5 37.Qf4 Ke7 38.Qc7+ Kf6 39.Rf1+ Rf5 40.Rxf5+ 
Bxf5 41.Qxb7 Rxa3 42.Qb6+ Kg5 43.Qd8+ Kh5 44.Qd1+ Bg4 45.Qc1 b4 46.Kf2 g5 
47.Kg3 Be6 48.Qb2 Kxh6 49.Qf6+ Kh5 50.Qg7 h6 51.Qh7 Ra2 52.Qe4 Rb2 53.Kf3 
Ra2 54.g4+ Bxg4+ 55.Qxg4+ Kg6 56.Qxb4 h5 57.Qe4+ Kg7 58.Qd4+ f6 59.Qd7+ 
Kg6 60.Qe8+ Kh6 61.Qf7 Ra6 62.b4 Rb6 63.c4 h4 64.Kg4 h3 65.Kxh3 Ra6 66.Kg4
1-0

[Event "6th EUR-ch (w)"]
[Site "Chisinau MDA"]
[Date "2005.06.17"]
[Round "7"]
[White "Padurariu, Ioana-Smaranda"]
[Black "Guseva, Marina"]
[Result "1/2-1/2"]
[WhiteElo "2153"]
[BlackElo "2264"]
[EventDate "2005.06.10"]
[PlyCount "82"]

1.e4 c5 2.Nc3 e6 3.f4 Ne7 4.Nf3 Nec6 5.a4 a6 6.Bc4 Nd4 7.Nxd4 cxd4 8.Ne2 
Bc5 9.d3 O-O 10.O-O Nc6 11.Kh1 Ne7 12.Ba2 d5 13.e5 Bd7 14.c3 dxc3 15.bxc3 
b5 16.d4 Bb6 17.axb5 Bxb5 18.Ba3 Re8 19.Bxe7 Rxe7 20.f5 Rc7 21.f6 g6 22.
Rf3 Rac8 23.Rb1 Ba5 24.h4 h5 25.Rxb5 axb5 26.Qd2 b4 27.Bb1 bxc3 28.Qc2 Rb7
29.Rg3 Kh7 30.Rg5 Rxb1+ 31.Qxb1 c2 32.Qc1 Qf8 33.g4 Bb4 34.gxh5 Ba3 35.
hxg6+ fxg6 36.Qe3 c1=Q+ 37.Nxc1 Bxc1 38.Qh3 Bxg5 39.hxg5+ Kg8 40.Qxe6+ Kh7
41.Qh3+ Kg8 1/2-1/2

[Event "6th EUR-ch (w)"]
[Site "Chisinau MDA"]
[Date "2005.06.17"]
[Round "7"]
[White "Andriasian, Siranush"]
[Black "Paulet, Iozefina"]
[Result "1-0"]
[WhiteElo "2263"]
[BlackElo "2051"]
[EventDate "2005.06.10"]
[PlyCount "33"]

1.e4 e6 2.d4 d5 3.Nd2 Nf6 4.e5 Nfd7 5.Bd3 b6 6.Ne2 Ba6 7.Bxa6 Nxa6 8.O-O 
c5 9.c4 Nc7 10.Nf4 cxd4 11.cxd5 Nxe5 12.dxe6 Nxe6 13.Nxe6 fxe6 14.Re1 Qf6 
15.Qh5+ Ng6 16.Qd5 Qd8 17.Qc6+ 1-0

[Event "6th EUR-ch (w)"]
[Site "Chisinau MDA"]
[Date "2005.06.17"]
[Round "7"]
[White "Fakhiridou, Ekaterini"]
[Black "Matnadze, Ana"]
[Result "0-1"]
[WhiteElo "2247"]
[BlackElo "2376"]
[EventDate "2005.06.10"]
[PlyCount "72"]

1.e4 c5 2.Nf3 d6 3.d4 cxd4 4.Nxd4 Nf6 5.Nc3 Nc6 6.Bc4 Bd7 7.Nxc6 bxc6 8.
O-O e6 9.Re1 Qc7 10.Bf4 e5 11.Bg5 Be7 12.h3 O-O 13.Qf3 Kh8 14.Rad1 Rad8 
15.Bb3 Ng8 16.Qg3 Bc8 17.Bc1 f5 18.f4 fxe4 19.fxe5 d5 20.Kh1 Rf5 21.Be3 
Rdf8 22.Bd4 Nh6 23.Bxd5 Rg5 24.Qh2 cxd5 25.Nxd5 Qb7 26.Be3 Rgf5 27.Qg1 Bh4
28.Re2 Bg3 29.Bc5 Re8 30.Ne7 Rxe5 31.Nxc8 Qxc8 32.Bd6 Nf5 33.Re3 Nxe3 34.
Qxe3 Qxc2 35.Rf1 Qd3 36.Qc1 Qxd6 0-1

[Event "6th EUR-ch (w)"]
[Site "Chisinau MDA"]
[Date "2005.06.17"]
[Round "7"]
[White "Repkova, Eva"]
[Black "Gheorghe, Corina"]
[Result "1/2-1/2"]
[WhiteElo "2392"]
[BlackElo "2234"]
[EventDate "2005.06.10"]
[PlyCount "152"]

1.e4 c5 2.Nf3 d6 3.Bc4 Nc6 4.c3 Nf6 5.Qe2 Bg4 6.Bb3 e6 7.d3 Bxf3 8.Qxf3 
Be7 9.O-O O-O 10.Qg3 Kh8 11.Nd2 b5 12.Nf3 Ne5 13.Bc2 Nxf3+ 14.gxf3 Nh5 15.
Qg4 g6 16.f4 f5 17.Qe2 d5 18.e5 Rf7 19.Bd1 Bf8 20.Qe3 Qh4 21.Kh1 Rc7 22.
Bd2 Rd8 23.Bxh5 Qxh5 24.Qg3 d4 25.c4 Rb7 26.cxb5 Rxb5 27.b3 Be7 28.Kg2 Kg7
29.Qf3 Qxf3+ 30.Kxf3 Ra8 31.Rfc1 Kf7 32.Rc4 Ke8 33.Rac1 a5 34.Ra4 Kd7 35.
Rcc4 Ra6 36.h3 Ra7 37.Ke2 Ra6 38.Kd1 Ra8 39.Ke2 Ra6 40.Kf3 Ra8 41.Rc1 Bh4 
42.Rc2 Ra7 43.Bc1 Rb4 44.Rxc5 Rxa4 45.bxa4 Bd8 46.Bb2 Bb6 47.Rc4 Rc7 48.
Ke2 Rxc4 49.dxc4 Kc6 50.Kd3 Bd8 51.Bxd4 Bc7 52.Bb2 Bb6 53.f3 Ba7 54.Ba3 
Bb6 55.Be7 Bc7 56.Kd4 Kd7 57.Bg5 Kc6 58.c5 Kd7 59.Kc4 Kc6 60.Be7 h6 61.Bf8
Bd8 62.Kd4 Bh4 63.Kc4 h5 64.Bh6 Be7 65.Bg5 Bxc5 66.Bd8 Bb4 67.Bg5 Be1 68.
Kd4 Bf2+ 69.Kc4 Bg3 70.Kd4 Be1 71.Kc4 Bg3 72.Kd4 Be1 73.Kc4 Bd2 74.Kd3 Be1
75.Kd4 Bf2+ 76.Kc4 Be3 1/2-1/2

[Event "6th EUR-ch (w)"]
[Site "Chisinau MDA"]
[Date "2005.06.17"]
[Round "7"]
[White "Goreskul, Alyona"]
[Black "Sirotkina, Nina"]
[Result "1-0"]
[WhiteElo "2323"]
[BlackElo "2206"]
[EventDate "2005.06.10"]
[PlyCount "81"]

1.e4 g6 2.d4 Bg7 3.Nc3 c6 4.h3 d5 5.Nf3 dxe4 6.Nxe4 Nd7 7.Bc4 Ngf6 8.Nxf6+
Nxf6 9.O-O O-O 10.Re1 Bf5 11.Bf4 Nd5 12.Be5 f6 13.Bg3 Qd7 14.Bb3 Kh8 15.c4
Nb6 16.Qe2 Rae8 17.Rad1 g5 18.d5 e5 19.dxe6 Qxe6 20.Qd2 Qf7 21.c5 Nd5 22.
Bd6 Rg8 23.Nd4 Bd7 24.Nb5 Be6 25.Nd4 Bd7 26.Qd3 f5 27.a3 a6 28.Nf3 Bxb2 
29.Ne5 Qg7 30.Bxd5 cxd5 31.Qxd5 Be6 32.Qd2 Bxa3 33.Qc3 Bxc5 34.Qxc5 h6 35.
Qb6 Kh7 36.Rc1 Rc8 37.Nf3 Qd7 38.Nd4 Rge8 39.Rxc8 Qxc8 40.Nxe6 Rxe6 41.
Rxe6 1-0

[Event "6th EUR-ch (w)"]
[Site "Chisinau MDA"]
[Date "2005.06.17"]
[Round "7"]
[White "Ionica, Iulia-Ionela"]
[Black "Voicu, Carmen"]
[Result "1/2-1/2"]
[WhiteElo "2245"]
[BlackElo "2310"]
[EventDate "2005.06.10"]
[PlyCount "29"]

1.e4 c5 2.Nf3 d6 3.d4 cxd4 4.Nxd4 Nf6 5.Nc3 g6 6.Be3 Bg7 7.f3 O-O 8.Qd2 
Nc6 9.O-O-O d5 10.Nxc6 bxc6 11.exd5 Nxd5 12.Nxd5 cxd5 13.Qxd5 Qc7 14.Qxa8 
Bf5 15.Qxf8+ 1/2-1/2

[Event "6th EUR-ch (w)"]
[Site "Chisinau MDA"]
[Date "2005.06.17"]
[Round "7"]
[White "Czarnota, Dorota"]
[Black "Smochina, Carolina"]
[Result "1/2-1/2"]
[WhiteElo "2244"]
[BlackElo "2307"]
[EventDate "2005.06.10"]
[PlyCount "60"]

1.e4 c5 2.Nf3 d6 3.d4 cxd4 4.Nxd4 Nf6 5.Nc3 g6 6.Be3 Bg7 7.f3 O-O 8.Qd2 
Nc6 9.g4 Be6 10.h4 d5 11.exd5 Nxd5 12.Nxd5 Bxd5 13.Be2 Nxd4 14.Bxd4 Bxf3 
15.Bxf3 Bxd4 16.O-O-O Bg7 17.Qxd8 Raxd8 18.Bxb7 Bf6 19.g5 Be5 20.c4 Rd4 
21.b3 h6 22.gxh6 Kh7 23.c5 Rfd8 24.c6 Rxd1+ 25.Rxd1 Rxd1+ 26.Kxd1 Kxh6 27.
Bc8 Kh5 28.Bd7 f5 29.Be8 Bc7 30.Ke2 e5 1/2-1/2

[Event "6th EUR-ch (w)"]
[Site "Chisinau MDA"]
[Date "2005.06.17"]
[Round "7"]
[White "Malysheva, Polina"]
[Black "Lematschko, Tatjana"]
[Result "1-0"]
[WhiteElo "2301"]
[BlackElo "2231"]
[EventDate "2005.06.10"]
[PlyCount "105"]

1.e4 g6 2.d4 Bg7 3.Nf3 d6 4.h3 c6 5.Bd3 e5 6.c3 Ne7 7.O-O O-O 8.Nbd2 exd4 
9.cxd4 d5 10.e5 b6 11.Nb3 Na6 12.Re1 Nc7 13.Be3 h6 14.Rc1 Bd7 15.Nh2 Kh7 
16.Ng4 Ng8 17.Bd2 a5 18.f4 h5 19.Nh2 Kh8 20.f5 Be8 21.f6 Bh6 22.Bxh6 Nxh6 
23.Qd2 Kh7 24.Qg5 Rh8 25.Qxh5 Kg8 26.Qf3 a4 27.Nd2 Ne6 28.Qf2 c5 29.Ndf3 
c4 30.Bc2 b5 31.Qd2 Qb6 32.Red1 Qa5 33.Qe3 b4 34.a3 Rb8 35.Ng5 Bd7 36.Nxe6
Bxe6 37.g4 Kf8 38.axb4 Qxb4 39.Qa3 Kg8 40.Qxa4 Qxa4 41.Bxa4 Rxb2 42.Rb1 
Rxb1 43.Rxb1 Kh7 44.Nf3 Ra8 45.Ng5+ Kg8 46.Bc6 Rd8 47.Kf2 c3 48.Rc1 Rc8 
49.Nxe6 fxe6 50.Bd7 Rc7 51.Bxe6+ Kf8 52.Bxd5 Rd7 53.Rxc3 1-0